Normal view MARC view

Entry Corporate Name

Number of records used in: 1

001 - CONTROL NUMBER

  • control field: 58890

003 - CONTROL NUMBER IDENTIFIER

  • control field: MY-SjTCS

005 - DATE AND TIME OF LATEST TRANSACTION

  • control field: 20191205134616.0

008 - FIXED-LENGTH DATA ELEMENTS

  • fixed length control field: 120113nn a|a||abb| a a|a d

039 #9 -

  • : 201201131513
  • : shuhada

040 ## - CATALOGING SOURCE

  • Original cataloging agency: VRT
  • Transcribing agency: VRT

110 2# - HEADING--CORPORATE NAME

  • Corporate name or jurisdiction name as entry element: Xi'an dian ying zhi pian chang.

410 2# - SEE FROM TRACING--CORPORATE NAME

  • Control subfield: nne
  • Corporate name or jurisdiction name as entry element: Hsi-an tien ying chih pʻien chʻang

410 2# - SEE FROM TRACING--CORPORATE NAME

  • Corporate name or jurisdiction name as entry element: Xi an dian ying zhi pian chang

410 1# - SEE FROM TRACING--CORPORATE NAME

  • Corporate name or jurisdiction name as entry element: Xi'an Shi (China).
  • Subordinate unit: Xi'an dian ying zhi pian chang

410 1# - SEE FROM TRACING--CORPORATE NAME

  • Corporate name or jurisdiction name as entry element: Xi'an Shi (China).
  • Subordinate unit: Dian ying zhi pian chang

410 2# - SEE FROM TRACING--CORPORATE NAME

  • Corporate name or jurisdiction name as entry element: Xi'an Film Studio

670 ## - SOURCE DATA FOUND

  • Source citation: First emperor of China, c2005.:
  • Information found: t.p. (National Film Board of Canada/China Xi'an Film Studio co-production in association with the Canadian Museum of Civilization ; directed by, Liu Hao Xue and Tony Ianzelo ; writers, Liu Yun Hui, Robert Duncan, Wang J Cheng.)

999 ## -

  • : VIRTUA4 x

999 ## -

  • : VTLSSORT0080*0400*1100*4100*4101*4102*4103*4104*6700*9991